000 00318nam a2200133Ia 4500
999 _c6332
_d6332
003 OSt
008 191201s2012 xx 000 0 und d
100 _aGAMBHIR, M.L.
245 0 _aConcrete Technology Theory and Practice
260 _aN. delhi
_bTMh
_c2012
300 _a716
650 _aB.Tech(CE)
942 _2ddc
_cBK
_01